Imaginería de la Iglesia Parroquial de Santa María Magdalena de Sollana. 1940-1947 (Record no. 85869)
[ view plain ]
| 000 -LEADER | |
|---|---|
| campo de control de longitud fija | 00898nam a22001937a 4500 |
| 001 - NÚMERO DE CONTROL | |
| campo de control | 85869 |
| 005 - FECHA Y HORA DE LA ÚLTIMA TRANSACCIÓN | |
| campo de control | 20260430150952.0 |
| 008 - DATOS DE LONGITUD FIJA--INFORMACIÓN GENERAL | |
| campo de control de longitud fija | 260430s2025 sp ||||| |||| 00| 0 spa d |
| 017 ## - NÚMERO DE COPYRIGHT O DE DEPÓSITO LEGAL | |
| Número de copyright o de depósito legal | V 4272-2025 |
| 040 ## - FUENTE DE CATALOGACIÓN | |
| Centro catalogador/agencia de origen | M-RABA |
| Lengua de catalogación | spa |
| Centro/agencia transcriptor | M-RABA |
| 100 1# - ENTRADA PRINCIPAL--NOMBRE DE PERSONA | |
| Nombre de persona | Ferri Chulio, Andrés de Sales ( |
| Fechas asociadas al nombre | 1947-) |
| 9 (RLIN) | 26201 |
| 245 10 - MENCIÓN DEL TÍTULO | |
| Título | Imaginería de la Iglesia Parroquial de Santa María Magdalena de Sollana. 1940-1947 |
| 260 ## - PUBLICACIÓN, DISTRIBUCIÓN, ETC. | |
| Lugar de publicación, distribución, etc. | Valencia |
| Nombre del editor, distribuidor, etc. | : La Imprenta |
| Fecha de publicación, distribución, etc. | , 2025 |
| 300 ## - DESCRIPCIÓN FÍSICA | |
| Extensión | 53 p. |
| Otras características físicas | : il. b. y n. |
| Dimensiones | ; 32 cm |
| 500 00 - NOTA GENERAL | |
| Nota general | Antecede al tít.: RVDO. ANDRÉS DE SALES FERRI CHULIO. Director del Archivo de Religiosidad Popular del Arzobispado de Valencia. Académico Correspondiente de la Real Academia de Bellas de San Carlos de Valencia, de la Real Academia de la Historia y de la Real Academia de Bellas Artes de San Fernando. |
| 650 #7 - PUNTO DE ACCESO ADICIONAL DE MATERIA--TÉRMINO DE MATERIA | |
| Término de materia o nombre geográfico como elemento de entrada | Imaginería religiosa. |
| 9 (RLIN) | 53830 |
| 852 ## - LOCALIZACIÓN | |
| Número de control de estantería | F-16129 |
| 942 ## - ELEMENTOS DE ENTRADA SECUNDARIOS (KOHA) | |
| Tipo de ítem Koha | Fondo moderno |
| Suprimir en OPAC | No |
| Estatus retirado | Estado de pérdida | Fuente de la clasificación o esquema de estantería | Estado de daño | No para préstamo | Biblioteca de origen | Biblioteca actual | Ubicación en estantería | Fecha de adquisición | Número de inventario | Total de préstamos | Signatura topográfica completa | Código de barras | Visto por última vez | Precio de reemplazo | Tipo de ítem Koha |
|---|---|---|---|---|---|---|---|---|---|---|---|---|---|---|---|
| Clasificación Decimal Dewey | Real Academia de la Bellas Artes de San Fernando | Real Academia de la Bellas Artes de San Fernando | Depósito 2 | 30/04/2026 | 47950 | F-16129 | 1097186 | 30/04/2026 | 30/04/2026 | Fondo moderno |